Statistiques concernant Les plus grandes villes jamais représentées en Ligue 1

Cliquez ici pour prendre le quiz!

Statistiques générales

  • Ce quiz a été pris 281 fois
  • Le résultat moyen est 12 sur 31

Statistiques - réponses

VillePopulation% Correct
69Villeurbanne152 000
66%
66Perpignan119 000
64%
74Annecy131 000
62%
85La Roche-sur-Yon55 000
60%
64Pau76 000
60%
59Dunkerque86 000
57%
17La Rochelle77 000
57%
86Poitiers89 000
51%
29Quimper64 000
51%
25Besançon118 000
50%
64Bayonne52 000
49%
62Calais73 000
47%
73Chambéry59 000
45%
50Cherbourg-en-Cotentin79 000
44%
26Valence65 000
44%
18Bourges65 000
39%
56Vannes54 000
39%
11Narbonne55 000
35%
44Saint-Nazaire71 000
35%
60Beauvais57 000
34%
82Montauban61 000
30%
33Mérignac72 000
28%
02Saint-Quentin54 000
28%
69Vénissieux67 000
26%
33Pessac65 000
24%
83Fréjus54 000
23%
59Villeneuve-d'Ascq62 000
22%
49Cholet54 000
20%
83La Seyne-sur-Mer63 000
17%
69Vaulx-en-Velin53 000
11%
06Cagnes-sur-Mer52 000
10%

Distribution des résultats

Percentile par nombre de réponses

% des personnes avec chaque résultat

Votre développement - résultats

Vous n’avez pas pris ce quiz